Strategické predpoklady plánovania zisku poľnohospodárskych podnikov
Salvato in:
| Autore principale: | |
|---|---|
| Altri autori: | |
| Natura: | Libro |
| Lingua: | slovacco |
| Pubblicazione: |
Bratislava
Výskumný ústav ekonomiky poľnohospodárstva a potravinárstva
2007
|
| Serie: | Štúdia
č. 123/2007 |
| Soggetti: | |
| Tags: |
Nessun Tag, puoi essere il primo ad aggiungerne!!
|
MARC
| LEADER | 00000nam$a2200000$$$4500 | ||
|---|---|---|---|
| 001 | 0060400 | ||
| 005 | 20240223110432.9 | ||
| 020 | |a 978-80-8058-457-3 | ||
| 041 | 0 | |a slo | |
| 044 | |a SK | ||
| 245 | 1 | 0 | |a Strategické predpoklady plánovania zisku poľnohospodárskych podnikov |c Ján Varoščák, Tibor Izakovič |
| 264 | 1 | |a Bratislava |b Výskumný ústav ekonomiky poľnohospodárstva a potravinárstva |c 2007 | |
| 300 | |a 66 s. | ||
| 490 | 1 | |a Štúdia |v č. 123/2007 | |
| 830 | 0 | |a Štúdia |v č. 123/2007 | |
| 610 | 2 | 0 | |a poľnohospodárstvo |
| 610 | 2 | 0 | |a podnik poľnohospodársky |
| 610 | 2 | 0 | |a zisk |
| 610 | 2 | 0 | |a plánovanie |
| 610 | 2 | 0 | |a stratégia podniková |
| 610 | 2 | 0 | |a kultúra podniková |
| 610 | 2 | 0 | |a integrácia ekonomická medzinárodná |
| 610 | 2 | 0 | |a adaptácia |
| 610 | 2 | 0 | |a Slovensko |
| 100 | 1 | |a Varoščák, Ján | |
| 700 | 1 | |a Izakovič, Tibor | |